01270nam a2200241 a 450000100090000000800410000901000150005002000180006505000190008310000200010224501090012226000320023130000220026335000100028550000510029565000330034665000410037999501590042099501580057999900170073795201370075495201370089116513113161115s2010 ||||||||||||||||| || u a2010455436 a9781861349699 aHN 400.C6 Hen  aHenderson, Paul10aCommunity development and civil society : making connections in the European contextcby Paul Henderson. aBristolbPolicy Pressc2010 aix, 213 p. : ill. a35.95 aIncludes bibliographical references and index. aCIVIL SOCIETY--GREAT BRITAIN aCOMMUNITY DEVELOPMENT--GREAT BRITAIN aMAIN LIBRARY OPEN ACCESSe747198FCBU-MAIN LIBRARY (Kitwe)I35.95jHN 400.C6 Hen M2UAVAILABLEWNov 15, 2016y747198ZMain Library Open Access Collection aMAIN LIBRARY OPEN ACCESSD35.95e747197FCBU-MAIN LIBRARY (Kitwe)jHN 400.C6 HenM1UAVAILABLEWNov 15, 2016y747197ZMain Library Open Access Collection c79555d79555 00102lcc4070a001b001cMain Library Open Access Collectiond2023-06-29l0oHN 400.C6 Henp747198r2023-06-29t1w2023-06-29y002 00102lcc4070a001b001cMain Library Open Access Collectiond2023-06-29l0oHN 400.C6 Henp747197r2023-06-29t2w2023-06-29y002